Dynamics of High Growth Enterprises - "Gazelles" - in Czech Republic

Ukazovatele dynamiky rastu podniku: obrat a rast zamestnanosti v období 6 rokov. Prechod činnosti rýchlo rastúcich podnikov zo sektora výroby do sektora služieb. Medzinárodné porovnanie počtu gaziel vo vybraných krajinách EÚ a ich podiel na ekonomickej činnosti krajiny.

Salvato in:
Dettagli Bibliografici
Autore principale: Krošláková, Monika, 1975-
Altri autori: Kubičková, Viera, 1970-, Jurkovičová, Lujza, Kubiniy, Natalya
Natura: Capitolo di libro
Lingua:inglese
Soggetti:
Tags: Aggiungi Tag
Nessun Tag, puoi essere il primo ad aggiungerne!!

MARC

LEADER 00000nla a2200000 4500
001 0206816
005 20240506080812.5
041 0 |a eng 
044 |a UA 
245 1 0 |a Dynamics of High Growth Enterprises - "Gazelles" - in Czech Republic  |c Monika Krošláková, Viera Kubičková, Lujza Jurkovičová, Natalya Kubiniy 
520 |a Ukazovatele dynamiky rastu podniku: obrat a rast zamestnanosti v období 6 rokov. Prechod činnosti rýchlo rastúcich podnikov zo sektora výroby do sektora služieb. Medzinárodné porovnanie počtu gaziel vo vybraných krajinách EÚ a ich podiel na ekonomickej činnosti krajiny. 
610 2 0 |a gazela 
610 2 0 |a rast mikroekonomický 
610 2 0 |a dynamika ekonomiky 
610 2 0 |a rast hospodársky dynamický 
100 1 |a Krošláková, Monika, 1975- 
700 1 |a Kubičková, Viera, 1970- 
700 1 |a Jurkovičová, Lujza 
700 1 |a Kubiniy, Natalya